000 00645cam a2200241 4500
008 090401t1991 xxu||||| |||| 00| 0 eng d
020 _a0854595376
035 _a(Sirsi) u59500
041 _aeng
050 _a336.271
100 _aBuckett, A.D.
245 _aTolley`s VAT on construction, land and property.
250 _a2nd ed.
260 _aCroydon
_bTolley Publishing Company Limited
_c1991
300 _axiii,202p. ; 23cm.
350 _a23.95
520 _aAuthor is a partner in BDO Binder Hamlyn.
650 _aBUILDING INDUSTRY
650 _aVALUE ADDED TAX
690 _aTAXATION
942 _n0
948 _c04/03/1997
999 _c94155
_d94155